The 3rd UK national land survey and mapping conference and exhibition at University of Warwick , Monday 17 April 1989 - Friday 21 April 1989: conference proceedings (Record no. 92556)
[ view plain ]
| 000 -LEADER | |
|---|---|
| fixed length control field | 01427cam a2200409 4500 |
| 008 - FIXED-LENGTH DATA ELEMENTS--GENERAL INFORMATION | |
| fixed length control field | 090401t1989 xxu||||| |||| 00| 0 eng d |
| 020 ## - INTERNATIONAL STANDARD BOOK NUMBER | |
| International Standard Book Number | 085406429X |
| 035 ## - SYSTEM CONTROL NUMBER | |
| System control number | (Sirsi) u49360 |
| 041 ## - LANGUAGE CODE | |
| Language code of text/sound track or separate title | eng |
| 050 ## - LIBRARY OF CONGRESS CALL NUMBER | |
| Classification number | 526 |
| 090 ## - LOCALLY ASSIGNED LC-TYPE CALL NUMBER (OCLC); LOCAL CALL NUMBER (RLIN) | |
| Classification number (OCLC) (R) ; Classification number, CALL (RLIN) (NR) | RICS 1989/42 ABCDE |
| 110 ## - MAIN ENTRY--CORPORATE NAME | |
| Corporate name or jurisdiction name as entry element | Survey and Mapping 89 |
| 9 (RLIN) | 769 |
| 245 #4 - TITLE STATEMENT | |
| Title | The 3rd UK national land survey and mapping conference and exhibition at University of Warwick , Monday 17 April 1989 - Friday 21 April 1989: conference proceedings |
| 260 ## - PUBLICATION, DISTRIBUTION, ETC. | |
| Place of publication, distribution, etc. | London |
| Name of publisher, distributor, etc. | Royal Institution of Chartered Surveyors |
| Date of publication, distribution, etc. | 1989 |
| 300 ## - PHYSICAL DESCRIPTION | |
| Extent | ca.450p. : ill. ; 21cm. |
| 350 ## - PRICE (NR) (BK AM CF MU VM SE) [OBSOLETE] | |
| Price | 5.95 |
| 520 ## - SUMMARY, ETC. | |
| Summary, etc. | Includes papers by DALE,P.F. ; MACDONALD,A.S. ; MORRIS,R.O. ; BORDLEY,R.F. ; ASHKENAZI,V- . ; DOWMAN,I.J. ; DALLAS,R.W.A. ; HILL,C.E.J. ; MCMASTER,P. ; JACKSON,- T.C. ; ALLAN,A.L. ; PATTISON,M.A. |
| 650 ## - SUBJECT ADDED ENTRY--TOPICAL TERM | |
| Topical term or geographic name entry element | ATHLETICS |
| 650 ## - SUBJECT ADDED ENTRY--TOPICAL TERM | |
| Topical term or geographic name entry element | CARTOGRAPHY |
| 650 ## - SUBJECT ADDED ENTRY--TOPICAL TERM | |
| Topical term or geographic name entry element | CHANNEL TUNNEL |
| 650 ## - SUBJECT ADDED ENTRY--TOPICAL TERM | |
| Topical term or geographic name entry element | CONTROL SURVEYS |
| 650 ## - SUBJECT ADDED ENTRY--TOPICAL TERM | |
| Topical term or geographic name entry element | CAREERS, EDUCATION AND TRAINING |
| 650 ## - SUBJECT ADDED ENTRY--TOPICAL TERM | |
| Topical term or geographic name entry element | Environment |
| 9 (RLIN) | 6238 |
| 650 ## - SUBJECT ADDED ENTRY--TOPICAL TERM | |
| Topical term or geographic name entry element | GIS |
| 650 ## - SUBJECT ADDED ENTRY--TOPICAL TERM | |
| Topical term or geographic name entry element | GLOBAL POSITIONING SYSTEMS |
| 650 ## - SUBJECT ADDED ENTRY--TOPICAL TERM | |
| Topical term or geographic name entry element | HISTORIC BUILDINGS |
| 650 ## - SUBJECT ADDED ENTRY--TOPICAL TERM | |
| Topical term or geographic name entry element | HISTORIC LANDSCAPES |
| 650 ## - SUBJECT ADDED ENTRY--TOPICAL TERM | |
| Topical term or geographic name entry element | IN-CAR NAVIGATION |
| 650 ## - SUBJECT ADDED ENTRY--TOPICAL TERM | |
| Topical term or geographic name entry element | LAND INFORMATION SYSTEMS |
| 650 ## - SUBJECT ADDED ENTRY--TOPICAL TERM | |
| Topical term or geographic name entry element | Measurement |
| 9 (RLIN) | 6256 |
| 650 ## - SUBJECT ADDED ENTRY--TOPICAL TERM | |
| Topical term or geographic name entry element | ORDNANCE SURVEY |
| 650 ## - SUBJECT ADDED ENTRY--TOPICAL TERM | |
| Topical term or geographic name entry element | ORIENTEERING |
| 650 ## - SUBJECT ADDED ENTRY--TOPICAL TERM | |
| Topical term or geographic name entry element | QUALITY ASSURANCE |
| 650 ## - SUBJECT ADDED ENTRY--TOPICAL TERM | |
| Topical term or geographic name entry element | SATELLITE SURVEYING |
| 942 ## - ADDED ENTRY ELEMENTS (KOHA) | |
| Suppress in OPAC | 0 |
| 948 ## - LOCAL PROCESSING INFORMATION (OCLC); SERIES PART DESIGNATOR (RLIN) | |
| c (OCLC) | 04/03/1997 |
| Withdrawn status | Lost status | Source of classification or shelving scheme | Damaged status | Not for loan | Home library | Current library | Shelving location | Date acquired | Cost, normal purchase price | Total Checkouts | Full call number | Barcode | Date last seen | Copy number | Cost, replacement price | Price effective from | Koha item type |
|---|---|---|---|---|---|---|---|---|---|---|---|---|---|---|---|---|---|
| Dewey Decimal Classification | London | London | RICS Boxes | 14/08/1991 | 5.95 | RICS 1989/42 | 30019329 | 06/08/2019 | 1 | 5.95 | 06/08/2019 | Book | |||||
| Dewey Decimal Classification | London | London | RICS Boxes | 14/08/1991 | 5.95 | RICS 1989/42 | 30019333 | 06/08/2019 | 2 | 5.95 | 06/08/2019 | Reference material | |||||
| Dewey Decimal Classification | London | London | RICS Boxes | 14/08/1991 | 5.95 | RICS 1989/42 | 30019337 | 06/08/2019 | 3 | 5.95 | 06/08/2019 | Book | |||||
| Dewey Decimal Classification | London | London | RICS Boxes | 25/11/1991 | 5.95 | RICS 1989/42 | 30024844 | 06/08/2019 | 4 | 5.95 | 06/08/2019 | Archive | |||||
| Dewey Decimal Classification | London | London | RICS Boxes | 25/11/1991 | 5.95 | RICS 1989/42 | 30024848 | 06/08/2019 | 5 | 5.95 | 06/08/2019 | Book |